Characters from the Women of Troy - Statistics

General Stats
  • This quiz has been taken 28 times
  • The average score is 15 of 24
Answer Stats
Hint Name % Correct
Trojan war hero. Hector
86%
The face that launched a thousand ships. Helen
86%
Her husband and King of Sparta. Menelaus
86%
Prince of Troy, (arguably the cause of the Trojan War.) Paris
86%
Her husband the King of Troy. Priam
86%
Former Queen of Troy, protagonist of the play. Hecuba
81%
Great Greek warrior who killed Hector. Achilles
76%
Deranged daughter of the King and Queen of Troy. Cassandra
76%
God of the Ocean, Earthquakes and Horses. Poseidon
76%
Goddess of Wisdom and War. Athena
71%
His proud wife. Andromache
67%
Goddess of Beauty, Love and Desire. Aphrodite
67%
Clever Greek warrior who was thought as the mastermind behind the Trojan Horse. Odysseus
67%
God of the Sky and Thunder. God of all the Gods. Zeus
62%
The King of Mycenae and his brother. Agamemnon
57%
Greek God of the Sun, Music, Poetry and Prophecy. Cursed Cassandra to seethe future but never to be believed. Apollo
57%
Group of unnamed Trojan Women, now enslaved by the Greek Soldiers. Chorus
57%
Goddess of Marriage and Birth. Wife of Zeus and the Goddess of the Gods. Hera
57%
Their offspring. Astyanax
48%
Daughter of Hecuba, 'guards' Achilles at his tomb. Polyxena
48%
Showed excessive hubris and 'dragged' Cassandra at Athena's altar. Ajax the Lesser
38%
Greek soldier, also known as a Herald for the women. Talthybius
38%
Greek Goddess of chaos, threw the the apple of discord to determine the mostbeautiful Goddess. Eris
33%
God of Marriage Hymen
29%
No matching quizzes found
Score Distribution
Percent of People with Each Score
Percentile by Number Answered
Your Score History
You have not taken this quiz